El balance social de la empresa : (Record no. 4985)
[ view plain ]
| 000 -CABECERA | |
|---|---|
| campo de control de longitud fija | 00800nam a2200217 a 4500 |
| 001 - NÚMERO DE CONTROL | |
| campo de control | 000005182 |
| 003 - IDENTIFICADOR DEL NÚMERO DE CONTROL | |
| campo de control | OSt |
| 005 - FECHA Y HORA DE LA ÚLTIMA TRANSACCIÓN | |
| campo de control | 20201005155731.0 |
| 008 - DATOS DE LONGITUD FIJA--INFORMACIÓN GENERAL | |
| campo de control de longitud fija | 090805s1990 dr 000 0 spa d |
| 040 ## - FUENTE DE LA CATALOGACIÓN | |
| Centro catalogador/agencia de origen | DO-SdBNP |
| Lengua de catalogación | spa |
| Centro/agencia transcriptor | BNPHU |
| 082 ## - NÚMERO DE LA CLASIFICACIÓN DECIMAL DEWEY | |
| Número de clasificación | XXXX |
| Número de documento/Ítem | B171s |
| 245 03 - MENCIÓN DE TÍTULO | |
| Título | El balance social de la empresa : |
| Resto del título | presentación para la República Dominicana / |
| Mención de responsabilidad, etc. | introducción y adaptación Pablo Nadal Salas ; revisión Frank Roca, Bienvenido de la Cruz. |
| 260 ## - PUBLICACIÓN, DISTRIBUCIÓN, ETC. | |
| Lugar de publicación, distribución, etc. | Santo Domingo : |
| Nombre del editor, distribuidor, etc. | Confederación Patronal de la República Dominicana, |
| Fecha de publicación, distribución, etc. | 1990. |
| 300 ## - DESCRIPCIÓN FÍSICA | |
| Extensión | 121 p. ; |
| Dimensiones | 22 cm. |
| 590 ## - NOTA LOCAL (RLIN) | |
| Nota local | Inventariado, 2020/VM |
| 700 1# - PUNTO DE ACCESO ADICIONAL--NOMBRE DE PERSONA | |
| Nombre de persona | Nadal Salas, Pedro, |
| Término indicativo de función/relación | intr. y adaptación |
| 9 (RLIN) | 14835 |
| 700 1# - PUNTO DE ACCESO ADICIONAL--NOMBRE DE PERSONA | |
| Nombre de persona | Roca, Frank, |
| Término indicativo de función/relación | rev. |
| 9 (RLIN) | 14836 |
| 700 1# - PUNTO DE ACCESO ADICIONAL--NOMBRE DE PERSONA | |
| Nombre de persona | Cruz, Bienvenido de la, |
| Término indicativo de función/relación | rev. |
| 9 (RLIN) | 14837 |
| 942 ## - ELEMENTOS DE PUNTO DE ACCESO ADICIONAL (KOHA) | |
| Fuente del sistema de clasificación o colocación | Dewey Decimal Classification |
| Tipo de ítem Koha | Libros y folletos |
| 956 ## - LOCALIZACIÓN Y ACCESO ELECTRÓNICOS LOCAL (OCLC) | |
| Nombre del host | VMateo |
| Estado de retiro | Estado de pérdida | Fuente del sistema de clasificación o colocación | No para préstamo | Código de colección | Localización permanente | Ubicación/localización actual | Fecha de adquisición | Número de inventario | Total de préstamos | Signatura topográfica completa | Código de barras | Fecha visto por última vez | Precio válido a partir de | Tipo de ítem Koha | Número de copia | Restricciones de uso |
|---|---|---|---|---|---|---|---|---|---|---|---|---|---|---|---|---|
| Dewey Decimal Classification | Excluido de préstamo | Monografías: Libros y Folletos | Biblioteca Nacional Pedro Henríquez Ureña | General | 18.10.2013 | LF1 | XXXX B171s | 05.10.2020 | 25.06.2020 | No se presta | e. 3 | Préstamo en sala | ||||
| Dewey Decimal Classification | Dominicana de Servicio | Biblioteca Nacional Pedro Henríquez Ureña | General | 18.10.2013 | LF1 | XXXX B171s | 2020-0090 | 05.10.2020 | 25.06.2020 | Libro y Folleto Colección Dominicana de Servicio | e. 4 | Préstamo en sala | ||||
| Dewey Decimal Classification | Monografías: Libros y Folletos | Biblioteca Nacional Pedro Henríquez Ureña | General | 18.10.2013 | LF1 | XXXX B171s | 05.10.2020 | 25.06.2020 | No se presta | e. 5 | Préstamo en sala | |||||
| Dewey Decimal Classification | Excluido de préstamo | Patrimonio Dominicano | Biblioteca Nacional Pedro Henríquez Ureña | Patrimonio Dominicano | 05.08.2009 | LF1 | XXXX B171s | 5182-10 | 25.06.2020 | 25.06.2020 | Libro y Folleto Colección Patrimonio Dominicano | |||||
| Dewey Decimal Classification | Excluido de préstamo | Patrimonio Dominicano | Biblioteca Nacional Pedro Henríquez Ureña | Patrimonio Dominicano | 18.10.2013 | LF1 | XXXX B171s | 5182-20 | 25.06.2020 | 25.06.2020 | Libro y Folleto Colección Patrimonio Dominicano | e. 2 |
